|
|
|
|
| LEADER |
01117nam a2200241 a 4500 |
| 001 |
13721 |
| 003 |
BD-DhAAL |
| 008 |
090413s1999 bg f f000 0 eng |
| 999 |
|
|
|c 158
|d 158
|
| 010 |
|
|
|a 2006561786
|
| 040 |
|
|
|a DLC
|c DLC
|d DLC
|d BD-DhAAL
|
| 082 |
0 |
0 |
|a 363.34
|2 20
|
| 245 |
0 |
0 |
|a Standing orders on disaster.
|
| 246 |
1 |
|
|i At head of title:
|a Government of the People's Republic of Bangladesh
|
| 260 |
|
|
|a [Dhaka] :
|b Ministry of Disaster Management and Relief, Disaster Management Bureau, [Govt. of the People's Republic of Bangladesh],
|c 1999.
|
| 300 |
|
|
|a viii, 199 pages ;
|c 29 cm.
|
| 541 |
|
|
|e 13721
|
| 650 |
|
0 |
|a Emergency management
|z Bangladesh.
|9 41387
|
| 650 |
|
0 |
|a Federal aid to human services
|z Bangladesh.
|9 41388
|
| 852 |
4 |
|
|a Ayesha Abed Library
|j General Stacks
|
| 942 |
|
|
|2 ddc
|c BK
|
| 952 |
|
|
|0 0
|1 0
|2 ddc
|4 0
|6 363_340000000000000_STA
|7 0
|9 146
|a BRACUL
|b BRACUL
|c GEN
|d 2009-04-28
|g 600.00
|l 0
|o 363.34 STA
|p 3010014752
|r 2009-04-28
|t 2
|v 1200.00
|w 2009-04-28
|y BK
|
| 952 |
|
|
|0 0
|1 0
|2 ddc
|4 0
|6 363_340000000000000_STA
|7 0
|9 9623
|a BRACUL
|b BRACUL
|c GEN
|d 2010-05-02
|g 80.00
|l 0
|o 363.34 STA
|p 3010013721
|r 2010-05-02
|t 1
|w 2010-05-02
|y BK
|